Authors by Picture (A-Z) Quiz Stats

Quiz Updated Mar 21, 2013

Challenge
Share
Tweet
Score 0/24 Timer 06:00
1 Play Today
Letter Author % Correct
SWilliam Shakespeare
88.6%
AMaya Angelou
73.7%
PEdgar Allan Poe
70.6%
WOscar Wilde
61%
HErnest Hemingway
57.7%
CAgatha Christie
48.5%
TLeo Tolstoy
45.3%
MToni Morrison
44.7%
JJames Joyce
43.2%
GJohn Grisham
41.5%
OGeorge Orwell
39.4%
FWilliam Faulkner
32.5%
Letter Author % Correct
RAyn Rand
29.6%
DRoald Dahl
25.8%
YWilliam Butler Yeats
25.8%
BRay Bradbury
23.6%
UJohn Updike
23.6%
ET.S. Eliot
19.1%
LC.S. Lewis
19%
KRudyard Kipling
18.5%
ZÉmile Zola
18.3%
IHenrik Ibsen
17.9%
NVladimir Nabokov
16.4%
VJules Verne
12.9%

You're not logged in!

Compare scores with friends on all Sporcle quizzes.
Sign Up with Email
OR
Log In

You Might Also Like...

Show Comments

Extras

Top Quizzes Today


Score Distribution

Your Account Isn't Verified!

In order to create a playlist on Sporcle, you need to verify the email address you used during registration. Go to your Sporcle Settings to finish the process.